Practice and procedure of Parliament : (Record no. 344)

MARC details
000 -LEADER
fixed length control field 01387cam a2200373 a 4500
001 - CONTROL NUMBER
control field 16086044
003 - CONTROL NUMBER IDENTIFIER
control field OSt
005 - DATE AND TIME OF LATEST TRANSACTION
control field 20230605115431.0
008 - FIXED-LENGTH DATA ELEMENTS--GENERAL INFORMATION
fixed length control field 100205s2009 ii b 001 0 eng
010 ## - LIBRARY OF CONGRESS CONTROL NUMBER
LC control number 2010316454
020 ## - INTERNATIONAL STANDARD BOOK NUMBER
International Standard Book Number 8120004213
025 ## - OVERSEAS ACQUISITION NUMBER
Overseas acquisition number I-E-2010-316454; 63-92
037 ## - SOURCE OF ACQUISITION
Source of stock number/acquisition Library of Congress -- New Delhi Overseas Office
Terms of availability Rs3000.00
040 ## - CATALOGING SOURCE
Original cataloging agency DLC
Transcribing agency DLC
Modifying agency DLC
042 ## - AUTHENTICATION CODE
Authentication code lcode
043 ## - GEOGRAPHIC AREA CODE
Geographic area code a-ii---
082 ## - DEWEY DECIMAL CLASSIFICATION NUMBER
Classification number 328.5405
Item number KAU
100 1# - MAIN ENTRY--PERSONAL NAME
Personal name Kaul, M. N.
Fuller form of name (Maheshwar Nath)
245 10 - TITLE STATEMENT
Title Practice and procedure of Parliament :
Remainder of title with particular reference to the Lok Sabha /
Statement of responsibility, etc. M.N. Kaul, S.L. Shakdher.
246 18 - VARYING FORM OF TITLE
Title proper/short title Practice & procedure of Parliament
250 ## - EDITION STATEMENT
Edition statement 6th ed. /
Remainder of edition statement P.D.T. Achary, editor.
260 ## - PUBLICATION, DISTRIBUTION, ETC. (IMPRINT)
Place of publication, distribution, etc. New Delhi :
Name of publisher, distributor, etc. Published for the Lok Sabha Secretariat [by] Metropolitan Book Co.,
Date of publication, distribution, etc. 2009.
300 ## - PHYSICAL DESCRIPTION
Extent lix, 1228 p. ;
Dimensions 25 cm.
500 ## - GENERAL NOTE
General note Previously published: 5th ed. 2001.
504 ## - BIBLIOGRAPHY, ETC. NOTE
Bibliography, etc Includes bibliographical references (p. [1173]-1184) and indexes.
610 10 - SUBJECT ADDED ENTRY--CORPORATE NAME
Corporate name or jurisdiction name as entry element India.
Subordinate unit Parliament.
-- Lok Sabha
General subdivision Rules and practice.
650 #0 - SUBJECT ADDED ENTRY--TOPICAL TERM
Topical term or geographic name as entry element Parliamentary practice
Geographic subdivision India.
700 1# - ADDED ENTRY--PERSONAL NAME
Personal name Shakdher, S. L.,
Dates associated with a name 1918-
700 1# - ADDED ENTRY--PERSONAL NAME
Personal name Achary, P. D. T.
710 1# - ADDED ENTRY--CORPORATE NAME
Corporate name or jurisdiction name as entry element India.
Subordinate unit Parliament.
-- Lok Sabha.
-- Secretariat.
906 ## - LOCAL DATA ELEMENT F, LDF (RLIN)
a 7
b cbc
c origode
d 3
e ncip
f 20
g y-gencatlg
942 ## - ADDED ENTRY ELEMENTS (KOHA)
Source of classification or shelving scheme Dewey Decimal Classification
Koha item type Books
Holdings
Withdrawn status Lost status Source of classification or shelving scheme Damaged status Not for loan Home library Current library Date acquired Total Checkouts Full call number Barcode Date last seen Price effective from Koha item type
    Dewey Decimal Classification     Bunge Tower Library Bunge Tower Library 06/05/2023   328.5405 KAU 10015720 06/05/2023 06/05/2023 Books
LIBRARY OPENING HOURS

When the Parliament is sitting: 8.00a.m - 7.00p.m or until the house adjourns
Mondays and Fridays and when the House is on Recess:  8.00a.m - 5.00p.m
Closed on Weekends and Public Holidays

Online Public Access Catalog (OPAC)
Website: http://www.parliament.go.ke
Bunge Library: https://libraryir.parliament.go.ke
Contact: library@parliament.go.ke | Tel no: (254-2)2221291 or 2848000 Ext 5043